| 000 | 01070cam a22003253a 4500 | ||
|---|---|---|---|
| 001 | 16413503 | ||
| 003 | OSt | ||
| 005 | 20140310182250.0 | ||
| 008 | 970428s1996 enkab 000 1 eng | ||
| 010 | _a 97814714 | ||
| 015 | _aGB97-31121 | ||
| 020 |
_a0786906162 (pbk.) : _c£4.99 : Formerly CIP |
||
| 035 | _a(OCoLC)ocm36909703 | ||
| 040 |
_aUKM _cUKM _dOCL _dOCLCQ _dDLC |
||
| 050 | 0 | 0 |
_aPZ 7 _b.R114 1998 |
| 082 | 0 | 4 |
_aFIC R11dl _b1996 |
| 100 | 1 |
_aRabe, Jean. _919838 |
|
| 245 | 1 | 4 |
_aThe dawning of a new age / _cJean Rabe. |
| 260 |
_aLake Geneva, Wis. ; _aCambridge : _bTSR, _c1996. |
||
| 300 |
_a344 p. : _bill., map ; _c18 cm. |
||
| 440 | 0 |
_aDragonlance. _pThe fifth age _919839 |
|
| 650 | 0 |
_aImaginary wars and battles _vFiction. _919840 |
|
| 650 | 0 |
_aKrynn (Imaginary place) _vFiction. _919841 |
|
| 650 | 0 |
_aDragons _vFiction. _919842 |
|
| 655 | 7 |
_aFantasy fiction. _2gsafd _93053 |
|
| 710 | 2 |
_aCopyright Paperback Collection (Library of Congress) _5DLC _9705 |
|
| 906 |
_a7 _bcbc _ccopycat _d2 _encip _f19 _gy-genrareb |
||
| 942 |
_2lcc _cBK-FIC |
||
| 999 |
_c11334 _d11334 |
||